Problematica ambiental asociada a la contaminacion por desechos liquidos en el canton de Grecia.
Uloženo v:
| Hlavní autor: | |
|---|---|
| Médium: | Kniha |
| Vydáno: |
[San José , Costa Rica]
1995
|
| Témata: | |
| Tagy: |
Přidat tag
Žádné tagy, Buďte první, kdo vytvoří štítek k tomuto záznamu!
|
MARC
| LEADER | 00000nam a2200000Ia 4500 | ||
|---|---|---|---|
| 003 | 007682 | ||
| 005 | 20221231144255.0 | ||
| 008 | 140114s1995 cr a m 000 ||s d | ||
| 040 | |c cru CEDI | ||
| 090 | |a TFG 3288 | ||
| 100 | |a Villalobos León, Olga Estela |9 10799 | ||
| 245 | |a Problematica ambiental asociada a la contaminacion por desechos liquidos en el canton de Grecia. | ||
| 260 | |c 1995 |a [San José , Costa Rica] | ||
| 300 | |a [136] hojas : ilustraciones. | ||
| 650 | |x PURIFICACION DE AGUAS RESIDUALES |x CONTAMINACION - GRECIA (ALAJUELA, COSTA RICA) |9 10801 | ||
| 942 | |c TFG | ||
| 999 | |c 19418 |d 19418 | ||
